Prometheus crisis (Record no. 29456)

MARC details
000 -LEADER
fixed length control field 00247nam a2200109Ia 4500
082 ## - DEWEY DECIMAL CLASSIFICATION NUMBER
Classification number 82-3
Item number SCO
100 ## - MAIN ENTRY--AUTHOR NAME
Personal name Robinson, F M
245 #0 - TITLE STATEMENT
Title Prometheus crisis
700 ## - ADDED ENTRY--PERSONAL NAME
Personal name Scortia, T N
942 ## - ADDED ENTRY ELEMENTS (KOHA)
Koha item type Books
Holdings
Withdrawn status Lost status Damaged status Not for loan Home library Current library Date acquired Full call number Accession Number Koha item type
        RRII Library RRII Library 16/12/2021 82-3 SCO 10043 Books